[Event "ETCC 2007"]
[Site "Crete"]
[Date "2007.11.01"]
[Round "5"]
[White "GM Ivanchuk, Vassily(UKR)"]
[Black "GM Bacrot, Etienne(FRA)"]
[Result "0-1"]
[WhiteElo "2787"]
[BlackElo "2695"]
[Annotator "Ëåáåäåâ Âàñèëèé"]
[PlyCount "54"]
[EventDate "2007.11.01"]

1. d4 d5 2. c4 c6 3. Nf3 Nf6 4. Nc3 a6 {Àõ, ýòà ñòåíêà ×åáàíåíêî! Äóìàåòñÿ,
ïîñëå ýòîé ïàðòèè àðìèÿ å¸ ïîêëîííèêîâ âåñüìà ïîïîëíèòñÿ.} 5. c5 Nbd7 6. Bf4
Nh5 7. Bd2 Nhf6 {Ýòüåí èãðàåò ýòîò âàðèàíò, ïîòîìó, ÷òî èìååò çäåñü íåêîòîðîå
ïðåäñòàâëåíèå î ïîçèöèè. À Âàñèëèé Ìèõàéëîâè÷ èãðàåò åãî ïîòîìó, íàâåðíîå,
÷òî îí, ïî-ìîåìó, î ëþáîì äåáþòå, ëþáîì âàðèàíòå è ëþáîé ïîçèöèè â
øàõìàòàõ èìååò «íåêîòîðîå ïðåäñòàâëåíèå».} 8. Qc2 g6 9. g3 e5 10. dxe5 Ng4
11. e6 {Êàê â òàêèõ ñëó÷àÿõ ïðèíÿòî ãîâîðèòü: «Ñâåæåå ðåøåíèå». Ýòîìó õîäó
îò ðîäó ìåíüøå ãîäèêà.} ({Äîâîëüíî áûñòðî çàâåðøèëîñü ìèðîì äåëî ïîñëå} 11. Na4
Ngxe5 12. Bc3 Bg7 ({à âîò Rybka ïðåäëàãàåò çäåñü áåññòðàøíîå} 12... Nxf3+ 13.
exf3 f6 $13) 13. O-O-O ({íàäî ïîëàãàòü, ÷òî} 13. Nxe5 {
ôðàíöóçñêèì ãðîññìåéñòåðîì òàêæå óæå äåòàëüíî ïðîàíàëèçèðîâàíî}) 13... O-O 14.
Nxe5 Nxe5 15. e4 Be6 16. Nb6 Rb8 17. f4 Nd7 18. Bxg7 Kxg7 19. exd5 cxd5 20.
Qc3+ Qf6 21. Qxf6+ Nxf6 22. Bg2 Ne4 23. Rhe1 {
(1/2 Miton,K (2653) - Bacrot,E (2709)/Torrelavega ESP 2007)}) 11... Nxc5 12.
exf7+ Kxf7 13. e4 ({Íàïðàøèâàþùååñÿ} 13. b4 $5 {íåõîðîøî -} Bf5 14. Qc1 Ne6 {
, è ïîñëå áîäðûõ õîäîâ -} 15. h3 Nf6 16. Ne5+ Kg8 17. g4 Be4 18. f3 {
÷¸ðíûå îòâå÷àþò} Qc7 $1 {, è áåëûì óæå íåóþòíî.}) 13... Bg7 {
Ïîêà - ïîâòîðåíèå ïðîéäåííîãî.} 14. Bg2 ({
Ìèìî âíèìàíèÿ Èâàí÷óêà ñëåäóþùàÿ ïàðòèÿ, ïðîéòè íå ìîãëà -} 14. h3 Nf6 15.
Ng5+ Kg8 16. Be3 Ncxe4 $6 (16... Qa5 $1 17. Bd2 Qb6 {
, è óêëîíåíèå îò ïîâòîðåíèÿ õîäîâ (} 18. Be3 Qa5 {
) , ïî-ìîåìó, íå âûãîäíî îáåèì ñòîðîíàì.}) 17. Ncxe4 Nxe4 18. Nxe4 Bf5 19. Bd3
(19. f3 $5 Qe8 $140 20. O-O-O dxe4 21. Bc4+ Be6 22. Qb3 Bxc4 23. Qxc4+ Qf7 24.
Qxf7+ Kxf7 25. Rd7+ {è ò.ä.}) 19... Bxe4 20. Bxe4 Qe7 (20... dxe4 21. Qb3+ Qd5
22. Qxb7 Rd8 23. O-O $16) 21. Bg2 Qb4+ (21... d4 22. Qc4+ Kf8 23. O-O $1 dxe3
$140 24. fxe3+ Bf6 25. Rxf6+ $1) 22. Qd2 {
(1-0 Aronian,L (2750) - Bacrot,E (2695)/Mainz GER 2007).}) 14... Bxc3 $1 $146 {
Ñûãðàíî ÷èñòî êîíêðåòíî!} ({Î÷åíü ñëîæíàÿ áîðüáà çàâÿçàëàñü ïîñëå} 14... Re8
{â ñëåäóþùåé ïàðòèè -} 15. O-O Kg8 16. Bg5 Qa5 17. exd5 Bf5 18. Qd2 h6 19. Bf4
g5 20. Nd4 Bg6 21. Bd6 Rad8 22. Bxc5 Qxc5 23. Nb3 Qb4 24. Rad1 Ne5 25. Ne4 Qxd2
26. Nexd2 cxd5 27. Nc5 b6 28. Nxa6 Bd3 29. Nc7 Re7 30. Nxd5 Red7 31. Nxb6 Rd6
32. Ndc4 Nxc4 33. Rxd3 Nxb6 34. Rxd6 Rxd6 35. b3 Rd2 36. a4 Bd4 37. a5 Nc8 38.
b4 Na7 39. a6 Rb2 40. Bb7 Kf7 41. Kg2 g4 42. h3 h5 43. hxg4 hxg4 44. Re1 Rxf2+
{(1/2 Sargissian,G (2658) - Laznicka,V (2593)/Moscow RUS 2007).}) 15. Bxc3 dxe4
$1 {
Ñìåëîñòü â ïàðòèè (ïîñëå õîðîøî ïðîâåä¸ííîãî äîìàøíåãî àíàëèçà) ãîðîäà áåðåò!}
(15... Re8 $5) 16. Bxh8 Nd3+ 17. Kf1 ({
ßâëÿëîñü ëè ïàíàöååé îò «áåëûõ» ïðîáëåì ïîÿâëåíèå íà äîñêå êîðîëÿ Ñòåéíèöà} 
17. Ke2 {? Íåò! Ïîòîìó ÷òî ïîñëå} exf3+ 18. Bxf3 {÷¸ðíûå ïðîäîëæàëè áû} Qxh8
$1 ({à íå} 18... Ngxf2 19. Qb3+ Kf8 ({åñëè} 19... Be6 {
,òî èä¸ò ïîâòîðåíèå õîäîâ -} 20. Qxb7+ Bd7 $8 21. Qb3+ {
. Âïðî÷åì, áåëûå ïî õîäó äåëà ìîãóò è ïåðåäóìàòü äåëàòü íè÷üþ...}) 20. Rhe1
$1 $13) 19. Qb3+ $8 ({íåëüçÿ íè} 19. Qxd3 Qxb2+ 20. Qd2 Qe5+ {è ò.ä.}) ({
íè òåì ïà÷å} 19. Kxd3 Bf5+) 19... Kf8 $1 20. Kxd3 ({
èíà÷å - æóòü, èíà÷å ìðàê; ê ïðèìåðó, ãîðàçäî ñëàáåå} 20. Bxg4 {
èç-çà ñòðåìèòåëüíîé öåíòðàëèçàöèè} Bxg4+ 21. Kxd3 Rd8+ 22. Kc2 Qd4 $19) 20...
Nxf2+ {È, íàïðèìåð, íà} 21. Ke3 {
ÿ äóìàþ, ÷òî ïîñëåäîâàëà áû äåìîíñòðàöèÿ ÷¸ðíûìè ìîùè ñâîåé ïîäãîòîâêè -}
Nxh1 22. Qb4+ Ke8 23. Rxh1 (23. Re1 Be6 $1 24. Qxb7 $140 Qe5+ 25. Be4 Qc5+ 26.
Kd2 Rd8+ {è ò.ä.}) 23... Qe5+ 24. Kf2 a5 $1 25. Qb6 Ra6 26. Qb3 Be6 $1 {
È ÷¸ðíûå ïîëó÷àþò âûãîäíûé ýíäøïèëü ïîñëå} 27. Qxb7 Qc5+ 28. Ke1 ({
îñòàëüíûå îòñòóïëåíèÿ êîðîëÿ õóæå, ê ïðèìåðó,} 28. Kg2 Rb6 $40) 28... Qb4+ 29.
Qxb4 axb4 30. a3 bxa3 31. bxa3 Kd7 {è ò.ä.}) 17... exf3 18. Bxf3 Ngxf2 19. Qb3+
Ke7 20. Bg7 {Áîðüáà íà ïîáåäó?} ({Ñëåäóþùèé, ìåñòàìè ôàíòàñòè÷åñêèé,
âàðèàíò, êàê ìíå êàæåòñÿ, áûë áû âåñüìà ëîãè÷åí -} 20. Qa3+ c5 $140 ({
ïðàâäà, âîçìîæíî} 20... Ke8 $5 21. Ke2 $1 $13 {
, è ÷òî çäåñü ïðîèñõîäèò, ïîíÿòü ñîâåðøåííî íåâîçìîæíî.}) 21. Re1+ $1 (21. Bg7
$5) 21... Nxe1 22. Qxc5+ Qd6 (22... Ke8 23. Qe3+ Qe7 24. Kxf2 Qxe3+ 25. Kxe3
Nxf3 26. Kxf3 Be6 $11) 23. Bf6+ $1 Ke6 24. Qxd6+ Kxd6 25. Kxf2 Nxf3 26. Kxf3 {
- è «íè÷åéíåå» ïîçèöèè, ïî-ìîåìó, íå ïðèäóìàåøü (} {(} Be6 27. Rd1+ Kc6 28.
Rc1+ Kb5 29. Kf4 Bxa2 30. Rc7 {è ò.ä.)}) 20... Bh3+ 21. Bg2 {Ïåðâîíà÷àëüíûé
êîììåíòàðèé áûë òóò òàêîâ: «Òðóäíî óòâåðæäàòü ñ ïîëíîé îïðåäåë¸ííîñòüþ, íî,
ïîõîæå, ÷òî  ýòî íåòî÷íîñòü»} ({
Ïðîäîëæåíèå ïåðâîíà÷àëüíîãî «êîììåíòà»: «Ëó÷øå áûëî} 21. Kg1 $5 {
Èäåÿ â òîì, ÷òî ó ÷¸ðíûõ íà ñåêóíäî÷êó îñòàëàñü áåç çàùèòû ïåøêà íà b7, íà
êîòîðóþ âåñüìà æàäíî ïîãëÿäûâàåò ôåðçü ïðîòèâíèêà». Íî ñìîòðèì äàëüøå.} b5 $5
({åñëè} 21... Qd7 {, òî} 22. Bh6 {
, è âñ¸ î÷åíü ïîõîæå íà âå÷íûé øàõ. Íî ýòî òîëüêî êàæåòñÿ -} Re8 23. Bg5+ Kd6
24. Bf4+ Kc5 (24... Ke7 25. Bg5+) 25. Rc1+ $1 Nxc1 26. Be3+ Kd6 27. Bf4+ Ke7
28. Bg5+ Kf8 29. Bh6+ {è ò.ä.}) {È ÷åì äàëüøå è ãëóáæå ÿ êîïàë, òåì âñ¸
íåïîíÿòíåå ñòàíîâèëàñü ïîçèöèÿ. Âîò íåáîëüøîé íàáðîñîê -} 22. Qc3 Qd6 23. Bh6
Nxh1 24. Qg7+ (24. Kxh1 $142 $5) 24... Ke6 25. Kxh1 Qc5 {È íåëüçÿ} 26. Qxh7 $2
{èç-çà} Nf2+ {, è, â êîíöå êîíöîâ, áåëûå ïðîèãðûâàþò ôåðçÿ!} 27. Kg1 Ng4+ 28.
Kh1 Bg2+ $3 29. Kxg2 Qf2+ 30. Kh3 Qxh2+ $1 31. Kxg4 Qh5+ 32. Kf4 Qe5+ 33. Kg4
Qf5+ 34. Kh4 {, è «âñêðûøêà» -} g5+ {
Íî ýòî, êàê âû ïîíèìàåòå, òîëüêî ýñêèç...}) 21... Qd7 22. Bxh3 ({À åñëè} 22.
Bh6 $5 {, òî ñëîí «âåðòàåòñÿ âçàä» -} Be6 23. Qa3+ Kf7 24. Qc3 Kg8 25. Kg1
Re8 {, ÷¸ðíûå ïî-ïðåæíåìó, ðàçâèâàþò áåøåíîå äàâëåíèå -} 26. h3 $5 ({ñëàáî} 
26. Rf1 Nh3+ 27. Bxh3 Bxh3 28. Rd1 $140 Re2 29. Rxd3 Rg2+ 30. Kf1 Rd2+ 31. Ke1
Rxd3 32. Qf6 Qf7 33. Qxf7+ Kxf7 {, è áåëûì ïðèä¸òñÿ íåëåãêî.}) 26... Nxh1 27.
Bxh1 Rd8 {è ò.ä.}) 22... Qxh3+ 23. Kg1 Qf5 24. Qxb7+ $4 {
Óïñ! Çàòìåíèå? Òåïåðü áåëûå ïðîèãðûâàþò â ïàðó õîäîâ} ({
Æèçíåííî íåîáõîäèìî áûëî} 24. Re1+ $1 {, ñîõðàíÿÿ íàäåæäó îòáèòüñÿ. À èìåííî -}
Nxe1 (24... Kd6 25. Re3 $1 Nc5 $140 26. Qb4 Nxh1 27. Be5+ Kd7 28. Bf4 $1 $11)
25. Qxb7+ {È ÿ çíàþ, ïî êðàéíåé ìåðå, îäíîãî áåëêîâîãî øàõìàòèñòà, äëÿ
êîòîðîãî íå ñîñòàâèëî áû íèêàêîãî òðóäà íàéòè ñëåäóþùèé âàðèàíò, ñîñòàâëåííûé
èç ëó÷øèõ õîäîâ.} ({èëè} 25. Qe3+ Ne4 26. Qxe1 Rd8 $19) 25... Kd6 26. Qb4+ Kd5
27. Qd4+ Ke6 28. Qc4+ Kd7 29. Qd4+ Kc8 ({õóæå} 29... Kc7 30. Qxf2 Qe4 31. Qf4+
Qxf4 32. gxf4 Nd3 33. Kg2 Nxf4+ 34. Kf3 {è ò.ä.}) 30. Qxf2 Qe4 31. Qf8+ Kb7 (
31... Kc7 32. Qf4+) 32. Qf7+ Kb6 33. Qf2+ c5 34. Qf6+ Kb5 35. Qf1+ c4 36. b3
Nd3 37. Qf7 Rc8 $17 {è ò. ä. È çîâóò ýòîãî øàõìàòèñòà, òî÷íåå øàõìàòèñòêó -
Kesim,A (Òóðöèÿ, ÝËÎ 1650) ;)}) ({Î÷åðåäíàÿ ïðîòèâíàÿ, íî äóìàåòñÿ, ÷òî âñ¸
æå ñ øàíñàìè íà ñïàñåíèå, ïîçèöèÿ ïîëó÷àëàñü ïîñëå} 24. h4 Qf3 $140 25. Re1+
$3 Nxe1 26. Qxf3 Nh3+ 27. Rxh3 Nxf3+ 28. Kf2 Nd2 29. Rh1 {
- ïîçèöèÿ îòêðûòàÿ, à ó áåëûõ ñëîí...}) 24... Kd6 $19 25. Qb6 ({
Êóøàòü ëàäüþ íåëüçÿ} 25. Qxa8 Nh3+ 26. Kg2 Qe4+ $1 27. Kxh3 (27. Kf1 Qf3#)
27... Nf2#) 25... Qf3 26. Qd4+ Kc7 27. Be5+ Kc8 $1 {
Ïîñëåäíèé òî÷íûé õîä, ïîñëå êîòîðîãî ìàò áåëûì íåèçáåæåí.} ({
Óêàæó è íà âîçìîæíîñòü ïðîèãðàòü âñ¸ îäíèì õîäîì -} 27... Kb7 $4 {
È áåëûå íà÷èíàþò ýíåðãè÷íîå è âûèãðûâàþùåå øàõîâàíèå.} 28. Qd7+ Kb6 29.
Qc7+ Kb5 ({èëè} 29... Kc5 30. Qa5+ Kc4 31. b3#) 30. a4+ Kc4 ({èëè æå} 30... Kb4
31. Qb6+ Kc4 32. Qd4+ Kb3 33. Qc3#) 31. b3+ $1 Kd5 (31... Kxb3 32. Qb6+ Nb4 33.
Rb1+ Kc2 34. Rb2+ Kc1 35. Qxf2 $18) (31... Kb4 32. Qb6#) (31... Kc5 32. Qa5#)
32. Qd6+ Ke4 33. Qxc6+ Ke3 34. Bd4+ $1 Ke2 35. Qc2# $1 {
Êàê ìû âèäèì, â ìàòîâîé îõîòå ïîó÷àñòâîâàë è áåëûé êîðîëü!}) 0-1

[Event "ETCC 2007"]
[Site "Crete"]
[Date "2007.11.01"]
[Round "5"]
[White "IM Korbut, Ekaterina(RUS)"]
[Black "WIM Przezdziecka, Marta(POL)"]
[Result "1-0"]
[WhiteElo "2443"]
[BlackElo "2259"]
[Annotator "Ëåáåäåâ Âàñèëèé"]
[PlyCount "51"]
[EventDate "2007.11.01"]

{Â ýòîé ïàðòèè ñíà÷àëà áûë ðàçûãðàí äëèííûé òåîðåòè÷åñêèé âàðèàíò.} 1. e4 c5
2. Nf3 Nc6 3. d4 cxd4 4. Nxd4 Nf6 5. Nc3 d6 6. Bg5 Bd7 7. Qd2 Rc8 8. f4 Nxd4 9.
Qxd4 Qa5 10. e5 dxe5 11. fxe5 e6 12. O-O-O Bc6 13. Nb5 Bxb5 14. exf6 Bc6 15. h4
g6 16. Bc4 Bc5 {È çäåñü Åêàòåðèíà èçáðàëà ðåäêèé õîä -} 17. Qf4 $5 ({
îáû÷íî èãðàþò} 17. Qg4 {ñ ïåðåìåííûì óñïåõîì.}) {
È ñîïåðíèöà ê òàêîìó ïîâîðîòó ñîáûòèé îêàçàëàñü ñîâñåì íå ãîòîâà -} 17... Qa4
$2 $146 {«Íîâèíêà» è îøèáêà â îäíîì ôëàêîíå.} ({Ïðàâèëüíî áûëî} 17... Qc7 $1
{è â ïàðòèè-ïðåäøåñòâåííèöå íèêàêîé àòàêè áåëûì ñîçäàòü íå óäàëîñü. Òî åñòü -}
18. Qf1 $6 O-O 19. h5 Qg3 $17 {, è äàëüøå ïîøëà ðåàëèçàöèÿ (0-1 Acs,P (2522) -
Czarnota,P (2554)/Germany 2006).}) ({Áèòü ïåøêó, êîíå÷íî, ïëîõî -} 17... Bxg2
18. Rh2 Bc6 19. h5 $1 Rf8 ({ñîâñåì ïëîõî} 19... Qc7 20. Qxc7 Rxc7 21. hxg6 fxg6
22. Bxe6 $18) ({èëè} 19... gxh5 20. Bxe6 $1) 20. Qg4 $1 Rd8 $140 (20... gxh5)
21. Rhd2 Rxd2 22. Bxd2 $1 {È íà} Qc7 (22... Qd8 23. Bh6 {è ò.ä.}) {
åñòü ðàçãðîìíîå} 23. Bxe6 $1) 18. h5 $1 gxh5 ({Òåïåðü íà} 18... b5 {
áåëûå õëàäíîêðîâíî îòâå÷àþò} 19. hxg6 $1 {, è åñëè} Qxc4 ({èëè} 19... bxc4
20. Rxh7 $18) {, òî} 20. Qxc4 $1 bxc4 21. Rxh7 $18 {
Òî åñòü ïðèâåäó î÷åíü ñìåøíîé äîêàçàòåëüíûé âàðèàíòèê:} Rf8 22. g7 Bd5 ({
ëèíèþ «d» íåîáõîäèìî (÷òîáû ïðîäîëæàòü «èãðó» äàëüøå) ïåðåêðûòü.} 22...
Rg8 23. Rh8) 23. Rh8 Kd7 24. Rxf8 Rxf8 25. Rh1 {, è âòîðàÿ ëàäüÿ èä¸ò íà h8}) (
{À åñëè} 18... Rf8 {, òî} 19. hxg6 hxg6 {, è ïîñëå íåáîëüøîé òàêîé ïðîôèëàêòèêè
} 20. Kb1 {ïîëîæåíèå ÷¸ðíûõ ñòàíîâèòñÿ âïîëíå àõîâûì -} Qb4 ({èëè} 20... Bxg2
21. Bxe6 $1) ({èëè} 20... b5 21. Qe5 $1 Bd7 ({â ñëó÷àå} 21... Qxc4 22. Rh4 $1
{ôåðçü âûëàâëèâàåòñÿ â öåíòðå äîñêè. È íå ïîìîãàåò «êîìáèíàöèîííîå»} Be4 23.
Rxe4 Qxc2+ 24. Kxc2 Bd4+ 25. Kb3 Bxe5 26. Rxe5 {
. Âåäü â êîíöå «êîìáèíàöèè» áåëûå îñòàþòñÿ ñ ëèøíåé ôèãóðîé}) 22. Rxd7 $1
Kxd7 23. Bxe6+ $1 Kc6 ({íà} 23... fxe6 {íàõîäèòñÿ ñëåäóþùèé «ôîðñàæ» -} 24.
Rd1+ Kc6 25. Qxe6+ Kb7 26. Rd7+ Rc7 {(èíà÷å è ìàò ìîæíî ñõëîïîòàòü)} 27. Qd5+
Kb8 28. Rxc7 Kxc7 29. Qxc5+ {è ò.ä.}) {È íåìíîãî «ïîêðàñóåìñÿ»} 24. Rh4 Qa6
25. Bd5+ Kd7 (25... Kb6 26. b4) 26. Rd4 $1 {Ïîæàëóé, çäåñü ìîæíî è ïðåðâàòüñÿ.}
) 21. a3 Qb6 22. Bxe6 $1 {Õðÿñü!} fxe6 23. Rd6 $1 {Õðÿñü-2!}) 19. Rhe1 {
2,5 õîäà «ñâîåé èãðû», à ó ÷¸ðíûõ ïîëíàÿ òðóáà...} Bd7 (19... h6 20. Rxe6+
$1) (19... Bxg2 20. Rxe6+ $1) 20. Re4 {Âîò è ôåðçü íà à4 «ïðèãîäèëñÿ»!} Qc6
21. Qd2 $1 {Â òàêîé ïîçèöèè êðàñèâûå õîäû äåëàþòñÿ ñàìè ñîáîé.} Rg8 (21...
Qxe4 $4 22. Qxd7+) 22. Bd5 Qc7 ({
Ïîñëåäíèé «òðóäíûé» äîêàçàòåëüíûé âàðèàíò çäåñü áûë òàêèì  -} 22... Bb4 $5
23. Rxe6+ $1 ({èëè òàê} 23. Qd3 Qxc2+ 24. Qxc2 Rxc2+ 25. Kxc2 Rxg5 26. Rxb4
exd5 27. Rxb7 Rxg2+ 28. Kc3 Be6 {è ò.ä.}) 23... Kd8 (23... Qxe6 24. Qxb4 Qe2
25. Be4 $18) (23... fxe6 24. f7+ $1) {
È òåïåðü, âðîäå, íàäî õèòðî ñûãðàòü îò êîðîëÿ -} 24. c3 ({èëè òàê} 24. Bxc6 {
, íî òóò ïîëó÷àåòñÿ âñåãî ëèøü âûèãðàííûé (ÈÌÕÎ)  «ëàäåéíèê» -} Bxd2+ 25.
Rxd2 Rxc6 26. Re7 Rxg5 27. Rexd7+ Kc8 28. Rxf7 Rf5 29. Re2 Kd8 30. Rxb7 {è ò.ä.
}) 24... Bxc3 25. bxc3 Qxc3+ ({â ñëó÷àå} 25... Qa4 {
ïðîõîäèò äàæå «îñëåïèòåëüíîå»} 26. Bc6 $1 $18) 26. Qxc3 Rxc3+ 27. Kb2 {
È áåëûå, êàê ìèíèìóì, îñòàþòñÿ ñ ëèøíåé ôèãóðîé} Bxe6 28. Bxe6+ Ke8 29. Kxc3 (
{ñëèøêîì ïðîçàè÷íî äëÿ íàøåé ïàðòèè ñàìîìó ñäåëàòü âûáîð â ïîëüçó ïðîäîëæåíèÿ
} 29. Bd7+ Kd8 30. Kxc3 Rxg5 31. Bh3+ {è ò.ä.}) {
Íåò, âäðóã ñîïåðíèê ïîçâîëèò ñûãðàòü} 29... fxe6 (29... Rxg5 30. Bd7+ Kd8 31.
Bh3+ {è ò.ä.}) 30. Rd8+ $1 {È ïîáåäà íå çà ãîðàìè.}) 23. Bf4 Bd6 24. Bxe6 $1
Bxe6 25. Bxd6 Qb6 (25... Qd7 26. Rd4 {
, è ñëîí îòñêàêèâàåò ñ ðåøàþùèì ýôôåêòîì.}) 26. Qe2 {Çàêëþ÷èòåëüíûé óäàð íà
å6 ìîæíî ïðåäîòâðàòèòü òîëüêî ñâîåâðåìåííîé ñäà÷åé ïàðòèè.} 1-0

[Event "ETCC 2007"]
[Site "Crete"]
[Date "2007.11.01"]
[Round "5"]
[White "GM Cheparinov, Ivan(BUL)"]
[Black "GM Navara, David(CZE)"]
[Result "0-1"]
[WhiteElo "2670"]
[BlackElo "2656"]
[Annotator "Ëåáåäåâ Âàñèëèé"]
[PlyCount "72"]
[EventDate "2007.11.01"]

{Ðåçóëüòàòîì ýòîé ïàðòèè ÿ î÷åíü äîâîëåí. Ðàä ïîòîìó, ÷òî, êàê âñåì ;)
èçâåñòíî, ÿâëÿþñü ãîðÿ÷èì ïîêëîííèêîì êîíòðàòàêè Ìàðøàëëà. È êîãäà âèæó
âñÿêèå àíòèìàðøàëëîâñêèå ïîñòðîåíèÿ, òî íà÷èíàþ ñ óäâîåííîé ñèëîé áîëåòü çà
÷¸ðíûõ.} 1. e4 e5 2. Nf3 Nc6 3. Bb5 a6 {È òåïåðü ñëåäóåò äëèííûé
òåîðåòè÷åñêèé âàðèàíò, óæå ïðîøåäøèé îáêàòêó íà ñàìîì âûñøåì óðîâíå.} 4. Ba4
Nf6 5. O-O Be7 6. Re1 b5 7. Bb3 O-O 8. h3 {Ôè! ;)} Bb7 9. d3 d6 10. a3 Qd7 11.
Nc3 Rfe8 12. a4 b4 13. Ne2 d5 $1 14. exd5 Nxd5 15. Ng3 Bf8 16. Bd2 $146 (16. a5
Nd4 17. Nxd4 exd4 18. Rxe8 Rxe8 19. Bd2 Nf6 20. Bg5 Qc6 21. Qf1 Qd6 (21... Nd7
22. Ba4 Qd6 23. Ne4 Bxe4 24. dxe4 Re6 25. Bd2 Nc5 26. Bxb4 Qe5 27. Bxc5 Bxc5
28. Bb3 Rf6 29. Qd3 h5 30. g3 g5 31. Rf1 h4 32. Bc4 Bd6 33. Bxa6 Qxa5 34. Bc4
Qe5 35. Kg2 hxg3 36. fxg3 Rxf1 37. Kxf1 Qxg3 38. Qxg3 {
1/2 Karjakin,S (2686) - Onischuk,A (2663)/Foros UKR 2007}) 22. Re1 Re5 23. Rxe5
Qxe5 24. Bxf6 Qxf6 25. Qe2 g6 26. Qg4 Bd6 27. Ne4 Qf4 28. Qxf4 {
(1/2 Grischuk,A (2726) - Leko,P (2751)/Mexico City MEX 2007).}) 16... a5 17.
Ba2 Nd4 $5 {
Ðÿäîì ñ ýòèì õîäîì, ÷òî íàçûâàåòñÿ, ìûñëè «êîìïà» äàæå íå âàëÿëèñü!} 18. Nxe5
Qd6 {Òàê-òàê. Ïîçèöèÿ, íà êîòîðîé íàäî îñòàíîâèòüñÿ ïîïîäðîáíåå.} 19. Nf3 $6 {
Âèäèìî, âñ¸ æå òàêîé íàäî ïîñòàâèòü çíàê ê ýòîìó õîäó, ïîñëå êîòîðîãî ÷¸ðíûå
ïîëó÷àþò çàêîííóþ («ìàðøàëëîâñêóþ») êîìïåíñàöèþ çà ïåøêó.} ({
Ñëåäîâàëî ëè áåëûì  èäòè «íà ïðèíöèï» -} 19. Qg4 {? Äàâàéòå ïîñìîòðèì.} b3 $5
{È äàëåå} 20. Bxb3 (20. cxb3 {
çäåñü, íàâåðíîå, íå ñûãðàåò äàæå çíàìåíèòàÿ òóðåöêàÿ âòîðîðàçðÿäíèöà!}) 20...
Nxb3 {È ÷òîáû áîðîòüñÿ çà ïåðåâåñ, áåëûì íàäî òîíêî «ïðîìåæóòèòü»} 21. Nc4
$1 {È èä¸ì äàëüøå -} Qc6 {Áîëüøàÿ äèàãîíàëü íàøà!} 22. cxb3 Ne3 $1 {
Ý-ýõ! Õîðîøî ïîøëî!} 23. Nxe3 Rxe3 $1 {Äîáàâèì!} 24. Nf5 $1 h5 $1 {
Ïðîäîëæàÿ â òîì æå äóõå.} 25. Qg5 Rxd3 ({íå ïðîõîäèò ïîêà} 25... Rxh3 26. Bc3
g6 27. Nd4 $18) 26. Bc3 g6 27. Ne7+ {Ðàçìåíèâàÿ ãëàâíîãî çàùèòíèêà.} Bxe7 28.
Rxe7 {, è çàêðóãëÿåìñÿ ñ «ôååðèåé» -} Rd5 ({ïîñëå} 28... Rxh3 $2 29. Rd1 Rf3
{ðåøàåò} 30. Rxc7 $1) 29. Be5 (29. Qg3 Rd3 $1 30. Qh2 Qd5 $44) 29... Re8 30.
Rxe8+ Qxe8 31. Re1 Qc6 32. f3 {
, è âîïðîñ ñòîèò ëèøü î òîì, ñóìåþò ëè ÷¸ðíûå óñòîÿòü...}) ({
Ïîïðîáóåì åù¸ ðàç -} 19. Qg4 $1 Rxe5 20. Qxd4 Rae8 21. Rxe5 Qxe5 (21... Rxe5
22. Ne4 Qe7) 22. Qxe5 Rxe5 23. Ne4 {Ïî-ìîåìó, áåëûå âëàäåþò èìåííî òåì, ÷òî
ïðèíÿòî íàçûâàòü çäîðîâîé ëèøíåé ïåøêîé... Â îáùåì, 19.Qg4 êàæåòñÿ áîëåå
ñèëüíûì...}) 19... Rxe1+ $1 20. Bxe1 {
È ýòî, âèäèìî, íå ñàìîå ëó÷øåå ïðîäîëæåíèå.} ({
Çàñëóæèâàëî âíèìàíèå õîä, êîòîðûé îáû÷íî äåëàåòñÿ, ñêðåïÿ ñåðäöå -} 20. Nxe1
$5 {, íî êîòîðûé çäåñü âåñüìà íåïëîõ! Ïî êðàéíåé ìåðå, êîíü ÷¸ðíûõ íå
ïóñêàåòñÿ íà f4!} {È ïîñëå} Qc6 {
óäàëîñü îòêîïàòü íåáîëüøóþ òàêòèêó, âûãîäíóþ áåëûì -} 21. c3 Ne6 22. Ne4 f5
$140 $2 23. Nf3 $1 {è ò.ä.}) 20... Nf4 $1 {Èíèöèàòèâà ÷¸ðíûõ íàðàñòàåò.} 21.
Nxd4 Qxd4 22. Qg4 Re8 {Ââîäÿ â áîé ïîñëåäíèé ðåçåðâ.} ({
Òîëüêî ó óïðîùåíèþ ïîçèöèè ïðèâîäèëî} 22... Bd6 $5 23. Nf5 $1 Qxb2 {
, è òåïåðü «èñïàíñêèé» ñëîí íàêîíåö-òî ïðîÿâëÿåò ñåáÿ -} 24. Bxf7+ $1 Kxf7 ({
ñëàáåå áûëî} 24... Kf8 {ââèäó} 25. Nxd6 $1 {è êðàñèâîå} Nxh3+ {íå ïîìîãàåò} 26.
Kf1 $1 {Íîëü âíèìàíèÿ, ôóíò ïðåçðåíèÿ!} cxd6 27. Qxh3 Qxa1 (27... Kxf7 28. Qd7+
Kf6 29. Qxb7 $18) 28. Qd7 $1 Bxg2+ 29. Kxg2 Qf6 (29... Qxe1 $4 30. Be6 $18) 30.
Bb3 $16) 25. Nxd6+ cxd6 26. Qxf4+ Kg8 27. Qc4+ d5 28. Qa2 {
Ôåðçü óñïåëî âîâðåìÿ...} Qxa2 29. Rxa2 Rc8 {
- ó ÷¸ðíûõ ïîëó÷øå, à èõ ïðîòèâíèêó íàäî äóìàòü î çàùèòíûõ ïëàíàõ...}) 23.
Nf5 h5 $1 24. Nh6+ $1 {×åïàðèíîâ òîæå õî÷åò àòàêîâàòü!} ({
Âïðî÷åì, ïîíÿòíî, ïî÷åìó áîëãàðñêîìó ãðîññìåéñòåðó íå ïîíðàâèëîñü} 24. Nxd4
hxg4 25. hxg4 Nxg2 ({ñëîíîì ëåçòü â ãóùó ñîáûòèé íå íàäî -} 25... Bxg2 {
Èáî êîãîòîê çàâÿç - ïòè÷êà ïðîïàëà. Íàïðèìåð,} 26. Bd2 Ne2+ 27. Kxg2 Nxd4 28.
c3 Re2 29. Rd1 b3 30. Bb1 Nc2 31. Kf1 Re6 32. Rc1 {è ò.ä.}) 26. Bd2 (26. Kf1 $2
Nxe1 27. Rxe1 Bg2+ $1) 26... Bc5 27. Nb3 Bb6 {
È âû òîëüêî ïîñìîòðèòå íà «ñâÿçêó ôèãóð» a2-b3!}) 24... Kh7 ({Íî íå} 24...
Kh8 $2 25. Nxf7+ Kh7 26. Qf5+ g6 27. Ng5+ Kh6 28. Qf7 $1 $18) 25. Qf5+ {
Âîò è áåëûå ïîæåðòâîâàëè...} Kxh6 ({Íåëüçÿ} 25... Ng6 $4 26. Bxf7 $18) ({À åñëè
} 25... g6 {, òî} 26. Qxf7+ Bg7 27. Qxe8 Qxb2 $140 (27... Kxh6 28. Bd2 $18) 28.
Nf5 $3 gxf5 (28... Qxa1 29. Bg8+) 29. Bg8+ Kh6 30. Ra2 {è ò.ä.}) 26. Bd2 Bd6 $5
({Â ñëó÷àå} 26... g5 $5 {áîëüøèõ äèâèäåíäîâ èç ïîçèöèè ÷¸ðíûå íå èçâëåêàëè -}
27. h4 f6 28. Bg8 $1 {«Èñïàíñêèé» ñëîí çàðàáîòàë íà ïîëíóþ ìîùíîñòü!} Re7
29. hxg5+ fxg5 30. Qxf8+ Qg7 31. Qxg7+ Rxg7 32. Bc4 Nxg2 {
- ïðèìåðíîå ðàâåíñòâî...}) 27. Bxf7 Qxf2+ $1 {Ýòîé îñåíüþ â âûñøåì ñâåòå
âåñüìà ïîïóëÿðíà æåðòâà ôåðçÿ íà ïîëå f2. Ïðè÷åì, çà íè÷òîæíî ìàëóþ
ìàòåðèàëüíóþ êîìïåíñàöèþ! Íî ñòàâëþ ÿ ê ýòîìó õîäó âñåãî ëèøü îäèí
«âîñêëèê», ïîòîìó ÷òî, êàê âûÿñíèëîñü, ýòà ðîñêîøíàÿ æåðòâà âåëà âñ¸ æå
òîëüêî ê íè÷üåé. Ðàçóìååòñÿ, ïðè áåçîøèáî÷íî òîíêîé èãðå ïðîòèâíèêîâ.} 28.
Kxf2 Re2+ 29. Kg1 (29. Kf1 $4 Bxg2+ 30. Kg1 Rxd2 {è Nxh3 íåîòðàçèìî.}) ({
À ïîñëå «áåññòðàøíîãî»} 29. Kg3 $4 {âñ¸ çàêàí÷èâàåòñÿ ìàòîì -} Rxg2+ 30. Kh4
Be7+ 31. Qg5+ Bxg5#) 29... Rxg2+ 30. Kf1 ({Îïðîâåðæåíèå õîäà ïîä «ìåëüíèöó» -
} 30. Kh1 $4 {îñîáûõ ðàçìûøëåíèé íå òðåáóåò} Rxd2+ 31. Kg1 Bg2 $1 {
, è ýòó ïîçèöèþ ìû òîëüêî ÷òî ðàññìàòðèâàëè.}) 30... Rxd2 31. Bg8 $4 {
Ðåøàþùàÿ îøèáêà!} ({Ñëåäîâàëî îãðàíè÷èòü ÷¸ðíîãî êîðîëÿ -} 31. h4 $1 {
, ïîñëå ÷åãî äîëæíà áûëà ïîëó÷èòüñÿ íè÷üÿ -} Bg2+ ({åñëè} 31... Rh2 $5 {
, òî áåëûì, íà ìîé âçãëÿä, íàäî èãðàòü} 32. Bg8 $1 {
, æ¸ñòêî ôèêñèðóÿ ðàâåíñòâî.} ({à âîò â ñëó÷àå} 32. Qg5+ Kh7 33. Qf5+ g6 $5 {
áîðüáà ìîãëà âñïûõíóòü âíîâü} 34. Bxg6+ (34. Qd7 $5) 34... Nxg6 35. Re1 Rxh4 {
è ò.ä.}) 32... g6 ({èëè} 32... Rh1+ 33. Kf2 Rh2+ 34. Kf1 Rh1+) 33. Qf6 Rh1+ 34.
Kf2 Rh2+ 35. Kf1 $11) 32. Ke1 Re2+ 33. Kd1 Bf3 {Îòëè÷èå ýòîé ïîçèöèè îò òîé,
÷òî ñëó÷èëàñü â ïàðòèè, «âñåãî» ëèøü îäíî - áåëîìó ôåðçþ ñòàëî äîñòóïíî
ïîëå g5. È ýòî ìåíÿåò âñ¸!} 34. Qg5+ $1 Kh7 35. Qf5+ Kh8 (35... Kh6 36. Qg5+)
36. Kc1 {Óáåãàòü òàê ñëîìÿ ãîëîâó! È} {ïîñëå} Bg4 ({èëè ñðàçó} 36... Re1+ 37.
Kd2 {è òåïåðü, êîíå÷íî, íå} Rxa1 $4 38. Qc8+ Kh7 39. Qg8+ Kh6 40. Qh8#) 37.
Qg5 {óãðîçà ìàòà âûíóæäàåò ÷¸ðíûõ ê «âå÷íîøàõîâàíèþ» -} Re1+ 38. Kd2 Re2+
39. Kc1 $11) 31... Bg2+ 32. Ke1 Re2+ 33. Kd1 Bf3 $19 34. Qh7+ ({
Òåïåðü â ñëó÷àå} 34. Kc1 {ëàäüþ áåëûõ ìîæíî ñïîêîéíî áðàòü -} Re1+ 35. Kd2
Rxa1 {è ÷¸ðíûå äîëæíû ïîáåäèòü. Íàïðèìåð,} 36. h4 Rd1+ 37. Ke3 Ng2+ 38. Kf2 ({
èëè} 38. Kd4 c5+ 39. Kc4 Ne3+) 38... Rd2+ ({èëè} 38... Rf1+ $1) 39. Kg1 (39.
Kxf3 Nxh4+) 39... Bh2+ $1 $19) 34... Kg5 {
Íåáîëüøàÿ ïðîãóëêà òîëüêî ïîäíèìàåò ÷¸ðíîìó êîðîëþ íàñòðîåíèå.} 35. Ra2 Rh2+
36. Ke1 Nxd3+ {È áåëûå ñäàëèñü.} (36... Nxd3+ 37. cxd3 Bg3+ 38. Kf1 Rh1#) 0-1